Same Start and End Letter - A-Z - Statistics

General Stats
  • This quiz has been taken 396 times
    365 since last reset
  • The average score is 16 of 25
Answer Stats
Hint Answer % Correct
A Hawaiian greeting Aloha
98%
P Michael Jackson is the king and Madonna is the queen Pop
91%
E Continent where the colonization of the world began Europe
88%
W Capital of Poland Warsaw
88%
Y Delicious Yummy
88%
M Follower of Islam Muslim
87%
K Small boat used by Inuit Kayak
86%
O The Buckeye State Ohio
86%
L Hometown of the Beatles Liverpool
83%
R Missouri, Danube, Volga, ... River
82%
N French general who tried to conquer Moscow Napoleon
81%
D Celtic priest Druid
73%
X Copy machine Xerox
72%
C Automaker known for his luxury cars Cadillac
66%
T Annexed by China in 1951 Tibet
66%
U Also known as Ayers Rock Uluru
59%
B National tree of Madagascar Baobab
51%
G He was the first to print the Bible Gutenberg
51%
S Island paradise with Victoria as its capital Seychelles
49%
I Secret society, Eye of Providence Illuminati
48%
H Famous Leonard Cohen song Hallelujah
45%
F Arizona city near the Grand Canyon Flagstaff
39%
Z French singer-songwriter Zaz
16%
V Intelligent personal assistance software Viv
9%
Q Town in the remote north of Greenland, formerly Thule Qaanaaq
5%
No matching quizzes found
Score Distribution
Percent of People with Each Score
Percentile by Number Answered
Your Score History
You have not taken this quiz since the last reset